00573nam a2200205Ia 4500003000400000005001700004008004100021020001900062040000700081041000800088082001500096100002500111245001400136260004000150300000800190650002200198942001300220999001900233952011500252OSt20260331123120.0250729s2005 xx 000 0 und d a978-8171084081 cAL aeng a370.5 CYRM aCyriac Vally9230731 aMy values aAjmerbBetter Your Self Booksc2005 a84p aEducation9230732 2ddccBED c238928d238928 00104070aALbALd2025-07-29eManagement Booksl0o370.5 CYRMpBED04247r2025-07-29 16:57:07w2025-07-29yBK